Vista normal Vista MARC

Entrada Personal Name

Número de registros utilizados en: 1

001 - CONTROL NUMBER

  • control field: 166

003 - CONTROL NUMBER IDENTIFIER

  • control field: OSt

005 - DATE AND TIME OF LATEST TRANSACTION

  • control field: 20200204114206.0

008 - FIXED-LENGTH DATA ELEMENTS

  • fixed length control field: 200204|| aca||aabn | a|a d

040 ## - CATALOGING SOURCE

  • Original cataloging agency: OSt
  • Transcribing agency: OSt

100 ## - HEADING--PERSONAL NAME

  • Personal name: Prado Maillard, Evelyn,

670 ## - SOURCE DATA FOUND

  • Source citation: Work cat.: (OSt)4585: Amaya Guerra, Jesús, autor 160, Educando ala generación zombi : , @2017